[Event "8th Danube Open"]
[Site "Aschach AUT"]
[Date "1999.12.29"]
[Round "6"]
[White "Kalod,R"]
[Black "Pilaj,H"]
[Result "1-0"]
[WhiteElo "2440"]
[BlackElo "2197"]

1.e4 c5 2.Nf3 e6 3.d4 cxd4 4.Nxd4 a6 5.Bd3 g6 6.O-O Bg7 7.Nf3 Nc6 8.c4 Nge7
9.Nc3 O-O 10.Bg5 h6 11.Bh4 f5 12.exf5 gxf5 13.Re1 Rf7 14.Qd2 Qf8 15.Rad1 Ng6
16.Bg3 Bf6 17.Na4 Bd8 18.c5 Ba5 19.Nc3 Qxc5 20.Qxh6 Rg7 21.Ne4 fxe4 22.Rxe4 Nf8
23.Be5 Nxe5 24.Rxe5 Qe7 25.Rxa5 b5 26.Bxb5 Qb4 27.Qd2 Qxd2 28.Rxd2 Bb7 29.Be2 Rc8
30.h3 Ng6 31.Rg5 Be4 32.Bd3 Bxf3 33.Rxg6 Rxg6 34.Bxg6 Bd5 35.a3 a5 36.Kh2 Kg7
37.Bc2 Kf6 38.f4 Bc6 39.g4 Rb8 40.Bd1 Kg6 41.Kg3 Be4 42.Rxd7 Rxb2 43.h4 Rg2+
44.Kh3 e5 45.f5+ Kf6 46.Bb3  1-0

[Event "Boavista Masters"]
[Site "Porto POR"]
[Date "1999.12.30"]
[Round "4"]
[White "Spraggett,K"]
[Black "Strikovic,A"]
[Result "1/2-1/2"]
[WhiteElo "2521"]
[BlackElo "2518"]

1.e4 c5 2.Nf3 e6 3.d4 cxd4 4.Nxd4 a6 5.Bd3 Nf6 6.O-O d6 7.c4 Bd7 8.Nc3 Nc6
9.Be3 Ne5 10.Be2 Rc8 11.b3 b5 12.f4 Ng6 13.a3 Be7 14.Qd2 Qa5 15.Kh1 bxc4
16.Bxc4 e5 17.Nde2 exf4 18.Bxf4 Nxf4 19.Nxf4 O-O 20.Qd3 Qe5 21.a4 a5 22.Rad1 Bc6
23.Nfd5 Bxd5 24.Nxd5 Nxd5 25.Qxd5 Qxd5 26.Rxd5 Rc5 27.g3 g6 28.Kg2  1/2-1/2

[Event "Alushta3"]
[Site "Alushta"]
[Date "1999.??.??"]
[Round "?"]
[White "Koziak, Vitali"]
[Black "Savon, Vladimir A"]
[Result "1/2-1/2"]
[WhiteElo "2483"]
[BlackElo "2427"]

1.e4 c5 2.Nf3 e6 3.d4 cxd4 4.Nxd4 a6 5.Bd3 Bc5 6.Nf3 Nc6 7.O-O d6 8.a3 Nge7
9.b4 Bb6 10.Bb2 O-O 11.Nbd2 Ng6 12.Nc4 Ba7 13.Re1 b5 14.Ne3 Bb7 15.Ng4 Rc8
16.Qd2 h5 17.Ne3 Nge5 18.Qe2 Nxf3+ 19.Qxf3 Qg5 20.Bc1 Ne5 21.Qe2 Qg6 22.a4 f5
23.exf5 exf5 24.f4 Nf3+ 25.Kf2 Nd4 26.Qf1 Nxc2 27.Bxc2 Rxc2+ 28.Re2 Rfc8
29.axb5 Rxc1 30.Rxc1 Rxc1 31.Qxc1 Qxg2+ 32.Ke1 Qf3 33.bxa6 Bxa6 34.b5 Bb7
35.Nf1 Bc5 36.Qd2 Be4 37.Ng3 Qb3 38.Qa2 Bb4+ 39.Kf2 Bc5+ 40.Ke1 Bb4+ 41.Kf2  1/2-1/2

[Event "Avoine op"]
[Site "Avoine"]
[Date "1999.??.??"]
[Round "5"]
[White "Sermier, Guillaume"]
[Black "Pellaton, Bernard"]
[Result "1-0"]
[WhiteElo "2282"]
[BlackElo "2142"]

1.e4 c5 2.Nf3 e6 3.d4 cxd4 4.Nxd4 a6 5.Bd3 d6 6.c4 Nf6 7.O-O Qb6 8.Nb3 Be7
9.Nc3 Nbd7 10.Be3 Qc7 11.Rc1 b6 12.f3 O-O 13.Qd2 Nc5 14.Nd4 Nxd3 15.Qxd3 Bb7
16.Rfd1 Rfc8 17.b3 Rab8 18.Qe2 Ba8 19.Qf2 Re8 20.Nde2 Qb7 21.a4 Nd7 22.Qg3 Bf8
23.Bf4 e5 24.Be3 Qc7 25.Nd5 Bxd5 26.cxd5 Qd8 27.b4 a5 28.b5 Nc5 29.Rc4 Rb7
30.Nc1 Qc8 31.Nd3 f5 32.exf5 Qxf5 33.Bxc5 dxc5 34.Qe1 Rd7 35.Qe4 g6 36.Nb2 Red8
37.Rc3 c4 38.Nxc4 Bc5+ 39.Kh1 Bd4 40.Rcd3 Rc8 41.Qxf5 gxf5 42.Rxd4 exd4 43.Nxb6  1-0

[Event "Avoine op"]
[Site "Avoine"]
[Date "1999.??.??"]
[Round "8"]
[White "Bourquin, Pascal"]
[Black "Ivanov, Mikhail M"]
[Result "1/2-1/2"]
[WhiteElo "2228"]
[BlackElo "2495"]

1.e4 c5 2.Nf3 e6 3.d4 cxd4 4.Nxd4 a6 5.Bd3 Qc7 6.Nc3 Nc6 7.Nxc6 dxc6 8.O-O e5
9.Be3 Nf6 10.h3 Be6 11.Qf3 Be7 12.Ne2 h5 13.Ng3 g6 14.Bg5 Nh7 15.Bxe7 Qxe7
16.Qe3 c5 17.c3 Nf6 18.f4 exf4 19.Qxf4 O-O-O 20.e5 Nd5 21.Qf3 c4 22.Be4 Qc5+
23.Qf2 Qxf2+ 24.Rxf2 h4 25.Bxd5 Bxd5 26.Nf1 Rh5 27.Re1 Re8 28.Rfe2 Rg5 29.Nd2 Kc7
30.Ne4 Bxe4 31.Rxe4 b5 32.e6 Rxe6 33.Rxe6 fxe6 34.Rxe6 Kb7 35.Re7+ Kb6 36.Rh7 Rd5
37.Rxh4 Kc5 38.Rf4 a5 39.a3 b4 40.axb4+ axb4 41.h4 Rd2 42.Rf2 Rd3 43.Rf3 Rd2
44.Rf2 Rd3 45.Rf3 Rd2 46.Rf2  1/2-1/2

[Event "Bad Woerishofen op"]
[Site "Bad Woerishofen"]
[Date "1999.??.??"]
[Round "5"]
[White "Enders, Peter"]
[Black "Eingorn, Vereslav S"]
[Result "1/2-1/2"]
[WhiteElo "2474"]
[BlackElo "2592"]

1.e4 c5 2.Nf3 e6 3.d4 cxd4 4.Nxd4 a6 5.Bd3 Nf6 6.O-O Qc7 7.Qe2 d6 8.b3 g6
9.Bb2 Bg7 10.c4 O-O 11.Nc3 Nbd7 12.Rad1 b6 13.Bb1 Bb7 14.Rd3 Rad8 15.Rfd1 Nc5
16.Re3 Qb8 17.Qe1 d5 18.exd5 exd5 19.b4 Ncd7 20.cxd5 Nxd5 21.Nxd5 Bxd5 22.Nf5  1/2-1/2

[Event "Bagneux"]
[Site "Bagneux"]
[Date "1999.??.??"]
[Round "7"]
[White "Le Quang, Kim"]
[Black "Sellos, Didier"]
[Result "1/2-1/2"]
[WhiteElo "2345"]
[BlackElo "2370"]

1.e4 c5 2.Nf3 e6 3.d4 cxd4 4.Nxd4 a6 5.Bd3 d6 6.O-O Nf6 7.c4 g6 8.Nc3 Bg7
9.Be2 O-O 10.Be3 Nbd7 11.Rc1 Qc7 12.b3 b6 13.Qd2 Bb7 14.f3 Rfd8 15.Rfd1 Ne8
16.Kh1 Rac8 17.Qe1 Ba8 18.Qf2 Qb8 19.Bf1 Rc7 20.Rc2 Rdc8 21.Rdc1 h6 22.Qd2 Kh7
23.Kg1 Rd8 24.Qf2 Nef6 25.Kh1 Rcc8 26.Kg1 Re8 27.Qd2 Rcd8 28.Rd1 Bf8 29.Kh1 Bb7
30.Rcc1 Rc8 31.Nc2 Qc7 32.Ne1 Rcd8 33.Nd3 Qb8 34.Nf4 Bc6 35.Bd3 Ne5 36.Bb1 Rc8
37.Qf2 b5 38.cxb5 axb5 39.Nce2 Bd7 40.Ng1 Rxc1 41.Bxc1 Rc8 42.Ngh3 Kg8 43.Bb2 Be8
44.Ne2 Bg7 45.Qe3 d5 46.Qf4 Nh5 47.Qd2 dxe4 48.Bxe4 Nf6 49.Bb1 Bc6 50.Nd4 Ba8
51.Qe2 Rd8 52.Re1 Rd5 53.Nf2 Ned7 54.Nc2 Rh5 55.h3 Qg3 56.Ne3 Rg5 57.Rg1 Ne5
58.Nf1 Qf4 59.Ne4 Bxe4 60.Bxe4 Nh5 61.g4 Nf6 62.Bb7 Ned7 63.Qh2 Qb4 64.Qd2 Qxd2
65.Nxd2 Rc5 66.Rc1 Nxg4 67.Rxc5 Nxc5 68.Bxg7 Nxb7 69.Bd4 e5 70.fxg4 exd4
71.Kg2 Nc5 72.Kf3 b4 73.Ke2 Kg7 74.Nf3 Ne4 75.Nxd4 Nc3+ 76.Kd3 Nxa2 77.Kc4 Kf6
78.Nc6 Kg5 79.Nxb4 Nc1 80.Nd5 Nxb3 81.Kxb3 Kh4 82.Kc4 Kxh3 83.Nf6 Kg3 84.Kd5 Kf4
85.Kd6  1/2-1/2

[Event "Bagneux"]
[Site "Bagneux"]
[Date "1999.??.??"]
[Round "7"]
[White "Guedon, Stephanne"]
[Black "Gollain, Marc"]
[Result "1-0"]
[WhiteElo "2350"]
[BlackElo "2215"]

1.e4 c5 2.Nf3 e6 3.d4 cxd4 4.Nxd4 a6 5.Bd3 Qc7 6.O-O Nf6 7.Qe2 d6 8.c4 g6
9.Nc3 Bg7 10.Nf3 O-O 11.h3 Nbd7 12.Bf4 b6 13.Rac1 Bb7 14.Rfd1 Rac8 15.b3 Qb8
16.Bb1 e5 17.Bg5 Rfe8 18.b4 Bf8 19.Nd5 Nxd5 20.cxd5 Rxc1 21.Rxc1 Rc8 22.Bd3 Rxc1+
23.Bxc1 Qc8 24.Qb2 Be7 25.a4 Qc7 26.Be3 Bd8 27.Nd2 Qc8 28.f3 Bc7 29.Kh2 Qd8
30.Qc1 Kg7 31.Qf1 Qc8 32.Qc1 Qd8 33.Qb2 Kg8 34.Qc2 Kg7 35.g3 Qb8 36.h4 Qd8
37.Bf1 Qb8 38.Bh3 Bc8 39.Qc6 Nf6 40.Bxc8 Qxc8 41.Bxb6  1-0

[Event "Regionalliga SO9899"]
[Site "Bayern"]
[Date "1999.??.??"]
[Round "?"]
[White "Putz, Ernst"]
[Black "Rath, Martin"]
[Result "0-1"]
[WhiteElo "1695"]
[BlackElo "2000"]

1.e4 c5 2.d4 cxd4 3.Nf3 e6 4.Nxd4 a6 5.Bd3 Qc7 6.Be3 Nc6 7.c3 Nf6 8.f4 Be7
9.Nd2 d6 10.O-O h5 11.h3 Bd7 12.b4 Rc8 13.Ne2 h4 14.Nc4 b5 15.Nb6 Rb8 16.Nxd7 Qxd7
17.a4 e5 18.axb5 axb5 19.fxe5 dxe5 20.Nc1 O-O 21.Qe2 Rfd8 22.Bg5 Nxb4 23.cxb4 Qd4+
24.Kh2 Qxa1 25.Bxh4 Rbc8 26.Na2 Qd4 27.Bxb5 Qd2 28.Rf2 Qxe2 29.Rxe2 Rb8 30.Bc6 Bxb4
31.Nxb4 Rxb4 32.Bxf6 gxf6 33.Kg3 Rd6 34.Ba8 Rb8 35.Ra2 Kg7 36.Kg4 Kg6 37.Bd5 f5+
38.exf5+ Kf6 39.Ba8 Rb4+ 40.Kg3 Kxf5 41.Rf2+ Ke6 42.Re2 f5 43.Kf2 e4 44.g4 Ra6
45.gxf5+ Ke5  0-1

[Event "Regionalliga SW9899"]
[Site "Bayern"]
[Date "1999.??.??"]
[Round "?"]
[White "Glaser, Wolfgang"]
[Black "Reiter, Marcus"]
[Result "1/2-1/2"]
[WhiteElo "2130"]
[BlackElo "2120"]

1.e4 c5 2.Nf3 e6 3.d4 cxd4 4.Nxd4 a6 5.Bd3 Nc6 6.Nxc6 dxc6 7.O-O e5 8.f4 Nf6
9.f5 Qd4+ 10.Kh1 h5 11.c3 Qb6 12.Nd2 Ng4 13.Qf3 Bc5 14.g3 Qa7 15.b4 Be3 16.Nc4 Bxc1
17.Raxc1 b5 18.Nd6+ Ke7 19.Nxc8+ Raxc8 20.h3 Nf6 21.Kg2 Rc7 22.g4 hxg4 23.hxg4 Nh7
24.Rh1 f6 25.Qf2 Qxf2+ 26.Kxf2 Rcc8 27.c4 Kd7 28.cxb5 axb5 29.Bc2 Ng5 30.Ke3 Kc7
31.Bb3 Kb6 32.a4 bxa4 33.Bxa4 Rxh1 34.Rxh1 Ra8 35.Bc2 Ra3+ 36.Bd3 Rb3 37.Ra1 Rxb4
38.Ra8 c5 39.Rb8+ Kc6 40.Rc8+ Kd6 41.Rd8+ Kc6 42.Rc8+ Kd6 43.Rd8+ Kc6  1/2-1/2

[Event "Regionalliga NW9899"]
[Site "Bayern"]
[Date "1999.??.??"]
[Round "?"]
[White "Mueller, Christian3"]
[Black "Bachmann, Wolfgang"]
[Result "1/2-1/2"]
[WhiteElo "2010"]
[BlackElo "1970"]

1.e4 c5 2.Nf3 e6 3.d4 cxd4 4.Nxd4 a6 5.Bd3 Qc7 6.Be3 Nc6 7.Nxc6 dxc6 8.Nd2 Nf6
9.O-O e5 10.Nc4 b5 11.Nb6 Rb8 12.Nxc8 Rxc8 13.a4 Qb7 14.f3 Be7 15.axb5 cxb5
16.c4 b4 17.Ra5 Nd7 18.c5 Bxc5 19.Bxa6 Qb6 20.Bxc5 Rxc5 21.Rxc5 Qxc5+  1/2-1/2

[Event "Berlin Tegel-B"]
[Site "Berlin"]
[Date "1999.??.??"]
[Round "4"]
[White "Schargorodskij, Maxim"]
[Black "Brustkern, Juergen"]
[Result "0-1"]
[WhiteElo "2180"]
[BlackElo "2285"]

1.e4 c5 2.Nf3 e6 3.d4 cxd4 4.Nxd4 a6 5.Bd3 Qb6 6.Nb3 Qc7 7.O-O Nf6 8.Qe2 d6
9.Nc3 g6 10.f4 Bg7 11.a4 O-O 12.a5 Nc6 13.Be3 Re8 14.Kh1 Qe7 15.Qd2 Bd7 16.Na4 Rad8
17.c4 Nb8 18.e5 Ng4 19.Bb6 Qh4 20.h3 Bc6 21.Kg1 dxe5 22.Bxd8 Rxd8 23.hxg4 e4
24.Qf2 Qxf2+ 25.Kxf2 exd3 26.Nc3 e5 27.fxe5 Nd7 28.Nd2 Nxe5 29.Kg3 Bd7 30.g5 Be6
31.c5 h6 32.Nce4 hxg5 33.Nd6 f5 34.Rfe1 Bd5 35.Ra3 Bf6 36.b4 Kg7 37.Rd1 f4+
38.Kh2 Ng4+ 39.Kg1 Bd4+ 40.Kf1 Ne3+ 41.Ke1 Nxg2+ 42.Kf1 Ne3+ 43.Ke1 Nc2+  0-1

[Event "Berlin"]
[Site "Berlin"]
[Date "1999.??.??"]
[Round "5"]
[White "Wells, Peter K"]
[Black "Romanishin, Oleg M"]
[Result "1/2-1/2"]
[WhiteElo "2475"]
[BlackElo "2565"]

1.e4 c5 2.Nf3 e6 3.d4 cxd4 4.Nxd4 a6 5.Bd3 Nf6 6.O-O e5 7.Bg5 d6 8.Nf5 Bxf5
9.Bxf6 gxf6 10.exf5 d5 11.c4 dxc4 12.Bxc4 Qxd1 13.Rxd1 Nc6 14.Nc3 Be7 15.Bd5 Rb8
16.Bxc6+ bxc6 17.Na4 Rd8 18.Kf1 Rg8 19.h3 h5 20.Rac1 Rxd1+ 21.Rxd1 Rg5 22.Rc1 Rxf5
23.Rxc6 a5 24.Rc8+ Bd8 25.Nc5 Ke7 26.Rc6 Rf4  1/2-1/2

[Event "BRA-ch66 sf2"]
[Site "BRA"]
[Date "1999.??.??"]
[Round "2"]
[White "Azevedo, Kelsen Rosas"]
[Black "Dumont, Sadi Glasser"]
[Result "0-1"]
[WhiteElo "2208"]
[BlackElo "2384"]

1.e4 c5 2.Nf3 e6 3.d4 cxd4 4.Nxd4 a6 5.Bd3 Nf6 6.Nc3 Qc7 7.O-O Nc6 8.Nf3 d6
9.Bd2 Be7 10.Ne2 b5 11.b3 Bb7 12.Rc1 Ne5 13.Nxe5 dxe5 14.c4 bxc4 15.Rxc4 Qd7
16.Ba5 Rc8 17.Rxc8+ Qxc8 18.Ng3 O-O 19.Qd2 Qd7 20.Rd1 Rc8 21.Qe2 Qc6 22.h3 Bc5
23.Bd2 Qb6 24.Bg5 Ne8 25.Nf1 Nd6 26.Nd2 h6 27.Bh4 Bd4 28.Bg3 Rc3 29.Nf3 Qc5
30.Kh2 Nb5 31.Bxb5 axb5 32.Ne1 b4 33.Rd2 Qa5 34.Qh5 Qa8 35.Bxe5 g6 36.Qh4 Bxe5+
37.g3 Kg7 38.f3 Qa7  0-1

[Event "BRA-ch sf"]
[Site "Brazil"]
[Date "1999.??.??"]
[Round "6"]
[White "Tsuboi, Edson Kenji"]
[Black "Martins, Carlos"]
[Result "1-0"]
[WhiteElo "2330"]
[BlackElo "2290"]

1.e4 c5 2.Nf3 e6 3.d4 cxd4 4.Nxd4 a6 5.Bd3 Bc5 6.Nb3 Ba7 7.Qe2 Nc6 8.Be3 d6
9.Nc3 Nge7 10.f4 O-O 11.O-O-O Qc7 12.Bxa7 Rxa7 13.Kb1 Nb4 14.a3 Nxd3 15.Rxd3 b5
16.Rhd1 d5 17.e5 f6 18.exf6 Rxf6 19.g3 Nc6 20.Qe3 b4 21.axb4 Nxb4 22.Rd4 Rb7
23.Qd2 h6 24.Rxb4 Rxb4 25.Nxd5 exd5 26.Qxb4 Be6 27.Qc5 Qb8 28.Re1 Bf7 29.Re7 d4
30.Nxd4 Qa8 31.b3 Qh1+ 32.Kb2 Qxh2 33.Qc8+ Kh7 34.Qb7 Qf2 35.Qe4+ Bg6 36.Qe5 Kg8
37.Qe3 Qg2 38.Qc3 Bf7 39.f5 Qd5 40.g4 Qd6 41.Rc7 Qe5 42.Rd7 Kh7 43.Nf3 Qxc3+
44.Kxc3 Be8 45.Re7 Bc6 46.Ne5 Be4 47.Rc7 Bxf5 48.gxf5 Rxf5 49.Kd4 Rf4+ 50.Ke3 Rb4
51.Nd3 Rb6 52.b4 h5 53.c3 Rg6 54.Nf4 Rg5 55.Kf3 h4 56.Ne6 Rg6 57.Nf8+  1-0

[Event "Budapest FS07 Elo"]
[Site "Budapest"]
[Date "1999.??.??"]
[Round "8"]
[White "Kovacs, Gyorgy"]
[Black "Chapu, Laurent"]
[Result "1/2-1/2"]
[WhiteElo "2120"]
[BlackElo "2050"]

1.e4 c5 2.Nf3 e6 3.d4 cxd4 4.Nxd4 a6 5.Bd3 Qc7 6.O-O Nc6 7.Nxc6 dxc6 8.f4 Bc5+
9.Kh1 Nf6 10.Nc3 e5 11.f5 h5 12.Bg5 Ng4 13.Qe2 b5 14.Bh4 Bb7 15.h3 Nf6 16.a3 Be7
17.b4 c5 18.bxc5 Qxc5 19.Nd1 Rd8 20.Bf2 Qc6 21.Re1 h4 22.Rb1 Nh5 23.Qg4 Nf4
24.Rb3 Nxd3 25.cxd3 Qf6 26.Rc3 O-O 27.Ne3 Qg5  1/2-1/2

[Event "Radulescu Memorial"]
[Site "Calimanesti"]
[Date "1999.??.??"]
[Round "4"]
[White "Cioara, Andrei Nestor"]
[Black "Solak, Dragan"]
[Result "1/2-1/2"]
[WhiteElo "2398"]
[BlackElo "2460"]

1.e4 c5 2.Nf3 e6 3.d4 cxd4 4.Nxd4 a6 5.Bd3 Nc6 6.Nxc6 dxc6 7.Be3 Nf6 8.O-O e5
9.f3 Be6 10.Qe2 b5 11.a4 Nd7 12.Qf2 Be7 13.Nd2 O-O 14.g3 Qc8 15.c4 Rd8 16.cxb5 cxb5
17.Rfc1 Qb7 18.axb5 axb5 19.Rxa8 Rxa8 20.Qe2 Ra5 21.Nb1 b4 22.Qf2 Bd8 23.Qc2 Kf8
24.Nd2 Ra8 25.Nc4 Be7 26.Nd2 Bd8 27.Nc4 Be7 28.Nd2  1/2-1/2

[Event "Radulescu Memorial"]
[Site "Calimanesti"]
[Date "1999.??.??"]
[Round "6"]
[White "Cioara, Andrei Nestor"]
[Black "Ionescu, Constantin"]
[Result "0-1"]
[WhiteElo "2398"]
[BlackElo "2482"]

1.e4 c5 2.Nf3 e6 3.d4 cxd4 4.Nxd4 a6 5.Bd3 Nf6 6.O-O d6 7.f4 Nbd7 8.Kh1 b6
9.Nc3 Bb7 10.Qf3 Qc7 11.Bd2 Be7 12.Rae1 b5 13.a3 Rc8 14.Qh3 Nc5 15.e5 Nxd3
16.cxd3 Nd7 17.f5 Nxe5 18.fxe6 O-O 19.exf7+ Rxf7 20.Ne6 Rxf1+ 21.Rxf1 Qd7
22.d4 Ng6 23.d5 Ne5 24.Bh6 g6 25.Bg7 Rxc3 26.Qxc3 Bxd5 27.Bxe5 dxe5 28.Nc7 Bc4
29.Re1 Qxc7 30.b3 Bxa3 31.bxc4 Bd6 32.Rc1 b4 33.Qf3 Bc5 34.Qa8+ Kg7 35.Qxa6 e4
36.Qe6 Qf4 37.Rd1 e3 38.Rd7+ Kh6 39.Qh3+ Kg5 40.Rd5+ Kf6  0-1

[Event "Cannes"]
[Site "Cannes"]
[Date "1999.??.??"]
[Round "1"]
[White "Marino, Olivier"]
[Black "Valenti, Giuseppe"]
[Result "1/2-1/2"]
[WhiteElo "2109"]
[BlackElo "2200"]

1.e4 c5 2.Nf3 e6 3.d4 cxd4 4.Nxd4 a6 5.Bd3 Nf6 6.O-O Qc7 7.Qe2 Bd6 8.h3 Nc6
9.c3 b5 10.Nd2 Bb7 11.N2f3 Be7 12.Bg5 d6 13.Bh4 Ne5 14.Nxe5 dxe5 15.Bg3 g6
16.Nf3 Bd6 17.Bc2 Nh5 18.Bh2 O-O 19.Qe3 Nf4 20.Rae1 Rad8 21.Qc1 f6 22.Bxf4 exf4
23.Nd4 Bc8 24.Bb3 Rfe8 25.Rd1 Kg7 26.a4 Qb6 27.Qa1 Bc5 28.a5 Qc7 29.Qa2 Rd6
30.Nf3 Red8 31.Rxd6 Rxd6 32.e5 fxe5 33.Nxe5 Rd2 34.Nf3 Rd6 35.Ng5 e5 36.Ne4 Rd8
37.Be6 Bb7 38.Qb1 Qc6 39.Re1 Ba7 40.Bg4 h5 41.Bf3 Qc7 42.Qc2 Qxa5 43.Ng5 Kf6
44.Bxb7 Kxg5 45.Rxe5+ Kf6 46.Qe2 Qb6 47.Rd5  1/2-1/2

[Event "Cologne KSV-ch"]
[Site "Cologne"]
[Date "1999.??.??"]
[Round "7"]
[White "Knuetter, H."]
[Black "Freitag, F."]
[Result "0-1"]
[WhiteElo "1880"]
[BlackElo "1795"]

1.e4 c5 2.Nf3 e6 3.d4 cxd4 4.Nxd4 a6 5.Bd3 Qc7 6.O-O b5 7.f4 Bb7 8.Be3 Nf6
9.Nd2 Bc5 10.Kh1 Qb6 11.c3 Nc6 12.N2b3 Bxd4 13.cxd4 Nb4 14.Nc5 Bc6 15.e5 Nfd5
16.Qd2 Nxe3 17.Qxe3 Nxd3 18.Qxd3 Bd5 19.Ne4 Qc6 20.Nd6+ Kf8 21.Qd2 f5 22.Rfc1 Qb6
23.Rc5 Bc6 24.Rac1 Qd8 25.Qf2 g6 26.Qe1 Qe7 27.h3 Rg8 28.R5c3 Kg7 29.Kh2 Kh8
30.b3 g5 31.fxg5 Rxg5 32.R1c2 Rag8 33.g3 h5 34.h4 Rg4 35.Qd1 f4 36.Qe1 fxg3+
37.Kh3 Qxh4+  0-1

[Event "CZE-chT2V 9899"]
[Site "CZE"]
[Date "1999.??.??"]
[Round "?"]
[White "Svatos, Jan"]
[Black "Efler, Lukas"]
[Result "0-1"]
[WhiteElo "2355"]
[BlackElo "2300"]

1.e4 c5 2.Nf3 e6 3.d4 cxd4 4.Nxd4 a6 5.Bd3 g6 6.Be3 Bg7 7.c4 Ne7 8.Nc3 O-O
9.O-O d5 10.exd5 exd5 11.c5 Nbc6 12.Be2 Be6 13.Rc1 Bxd4 14.Bxd4 Nf5 15.Be3 d4
16.g4 Nxe3 17.fxe3 dxc3 18.Rxc3 Qg5 19.Qe1 Rad8 20.a3 Rd5 21.b4 Bxg4 22.h4 Qh5
23.e4 Re5 24.Bc4 Nd4 25.Qf2 Be6 26.Bxe6 Nxe6 27.Re3 Qg4+ 28.Rg3 Qxe4 29.Qf6 Ng7
30.Rf4 Qe1+  0-1

[Event "CZE-chT 9899"]
[Site "CZE"]
[Date "1999.??.??"]
[Round "6"]
[White "Mokry, Karel"]
[Black "Pisk, Petr"]
[Result "1/2-1/2"]
[WhiteElo "2500"]
[BlackElo "2310"]

1.e4 c5 2.Nf3 e6 3.d4 cxd4 4.Nxd4 a6 5.Bd3 Qc7 6.f4 Nc6 7.Nxc6 Qxc6 8.Be3 Nf6
9.Nd2 b5 10.Qf3 Bb7 11.O-O h5 12.Rae1 d6 13.c4 b4 14.Nb3 Qc7 15.h3 Be7 16.Qf2 Nd7
17.Bd2 Nc5 18.Bc2 a5 19.Nxc5 dxc5 20.f5 O-O-O  1/2-1/2

[Event "Moravia-chT 9899"]
[Site "CZE"]
[Date "1999.??.??"]
[Round "8"]
[White "Riska, Lubomir"]
[Black "Vavra, Pavel"]
[Result "0-1"]
[WhiteElo "2240"]
[BlackElo "2340"]

1.e4 c5 2.Nf3 e6 3.d4 cxd4 4.Nxd4 a6 5.Bd3 Nf6 6.O-O Qc7 7.Qe2 d6 8.c4 Be7
9.Nc3 Bd7 10.Kh1 Nc6 11.Nxc6 Bxc6 12.Bf4 O-O 13.Rac1 Qa5 14.Rfd1 Rfd8 15.Bd2 Qh5
16.Qxh5 Nxh5 17.Be3 Nf6 18.f3 h6 19.Be2 Ne8 20.b4 Bg5 21.Bxg5 hxg5 22.a4 b6
23.Kg1 Kf8 24.Kf2 Ke7 25.Rb1 Nf6 26.Ke3 Nd7 27.Rd2 a5 28.bxa5 bxa5 29.Rbb2 Nc5
30.Bd1 g6 31.Rb6 Rac8 32.Nb5 Be8 33.Kd4 f5 34.Na7 Rc7 35.Nb5 Rc6 36.Rxc6 Bxc6
37.Bc2 e5+ 38.Ke3 f4+ 39.Kf2 Rd7 40.Re2 Rb7 41.h3 Bd7 42.Re1 Be6 43.Rd1 Rb6
44.Bd3 Nxd3+ 45.Rxd3 Bxc4 46.Rc3 Bxb5 47.Rb3 d5 48.axb5 d4  0-1

[Event "CZE-chT 9899"]
[Site "CZE"]
[Date "1999.??.??"]
[Round "9"]
[White "Pachmann, Ales"]
[Black "Suran, Jan"]
[Result "0-1"]
[WhiteElo "2285"]
[BlackElo "2280"]

1.e4 c5 2.Nf3 e6 3.d4 cxd4 4.Nxd4 a6 5.Bd3 Nf6 6.O-O d6 7.c4 b6 8.Nc3 Bb7
9.Qe2 Be7 10.b3 Nc6 11.Nxc6 Bxc6 12.Bb2 O-O 13.Kh1 Qc7 14.f4 g6 15.Rae1 Bb7
16.Bb1 Rad8 17.e5 dxe5 18.fxe5 Nd7 19.Nd5 exd5 20.e6 Nc5 21.exf7+ Rxf7 22.Rxf7 Kxf7
23.b4 d4 24.bxc5 Bxc5 25.Bc1 Qc6 26.Qg4 Re8 27.Rf1+ Kg7 28.h4 Qe6 29.Qg3 Bd6
30.Qd3 Qg4  0-1

[Event "UKR-ch U18"]
[Site "Dnepropetrovsk"]
[Date "1999.??.??"]
[Round "2"]
[White "Fedorchuk, Sergey A"]
[Black "Zakharov, Vladimir"]
[Result "1-0"]
[WhiteElo "2457"]
[BlackElo "2376"]

1.e4 c5 2.Nf3 e6 3.d4 cxd4 4.Nxd4 a6 5.Bd3 Bc5 6.Nb3 Ba7 7.Qg4 Nf6 8.Qg3 d6
9.Bg5 Nc6 10.Nc3 b5 11.O-O-O b4 12.Ne2 Bb7 13.f4 Qc7 14.e5 dxe5 15.fxe5 Nh5
16.Qh4 Qxe5 17.Rhe1 Be3+ 18.Bxe3 Qxe3+ 19.Kb1 Nf6 20.Nf4 Qb6 21.Nxe6 fxe6
22.Rxe6+ Kf7 23.Bc4 Kg6 24.Qg3+ Kh6 25.h4  1-0

[Event "Dresden op"]
[Site "Dresden"]
[Date "1999.??.??"]
[Round "?"]
[White "Heinatz, Thomas"]
[Black "Chuchelov, Vladimir"]
[Result "0-1"]
[WhiteElo "2350"]
[BlackElo "2535"]

1.e4 c5 2.Nf3 e6 3.d4 cxd4 4.Nxd4 a6 5.Bd3 Qb6 6.Nb3 Qc7 7.Be3 Nf6 8.f4 d6
9.N1d2 Nbd7 10.O-O b6 11.Qe2 Bb7 12.Kh1 Be7 13.Rae1 O-O 14.Bg1 e5 15.fxe5 dxe5
16.Rf3 Nh5 17.Be3 Nf4 18.Qf2 Nxd3 19.cxd3 Rac8 20.Rh3 b5 21.Rf1 Qd6 22.d4 Qg6
23.dxe5 Nxe5 24.Bd4 Ng4 25.Qe2 Bd6 26.Rh4 Ne5 27.Nf3 Rfe8 28.Nbd2 Nxf3 29.gxf3 Be5
30.Nb3 f5 31.Qg2 Qxg2+ 32.Kxg2 fxe4 33.fxe4 Bxd4 34.Nxd4 Bxe4+ 35.Kg3 Rcd8
36.Rd1 Rd5 37.Rd2 g5 38.Rh6 Red8  0-1

[Event "Espe Cup"]
[Site "ECU"]
[Date "1999.??.??"]
[Round "?"]
[White "Mieles Palau, Daniel P"]
[Black "Munoz, Hugo"]
[Result "1/2-1/2"]
[WhiteElo "2225"]
[BlackElo "2215"]

1.e4 c5 2.Nf3 e6 3.d4 cxd4 4.Nxd4 a6 5.Bd3 Nc6 6.Nxc6 bxc6 7.O-O d5 8.Nd2 Nf6
9.Re1 Be7 10.b3 a5 11.e5 Nd7 12.Qg4 g6 13.Nf3 Nc5 14.Bg5 h6 15.Bxe7 Qxe7
16.Nd4 Bd7 17.Qf4 Qg5 18.Qxg5 hxg5 19.Be2 Ke7 20.Nf3 f6 21.Bd3 g4 22.exf6+ Kxf6
23.Ne5 Rh5 24.Nxg4+ Kg5 25.Ne5 Kf6 26.f4 Rah8 27.Be2 R5h7 28.h3 Rb8 29.a3 Be8
30.Nd3 Nxd3 31.Bxd3 c5 32.Re3 a4 33.Rae1 Bd7 34.bxa4 c4 35.Be2 Ra8 36.Bg4 Re7
37.Bf3 Ra5 38.c3 Bxa4 39.Bg4 Ra6 40.Re5 Bd7 41.Bf3 Ra5 42.Kf2 Re8 43.Ke3 Rxa3
44.Kd4 Rb8 45.Bg4 Ra6 46.h4 Rb2 47.R1e2 Raa2 48.Rxb2 Rxb2 49.Re2 Rb1 50.Kc5 Ke7
51.Bf3 Rb5+ 52.Kd4 Kd6 53.Rd2 Rb1 54.Bd1 Be8 55.g3 Rb7 56.Ra2 Rb1 57.Rd2 Bf7
58.g4 Rb8 59.Ra2 Rb1 60.Rd2 Ke7 61.f5 exf5 62.gxf5 gxf5 63.Bf3 Kd6 64.Ra2 Be8
65.Ra8 Bd7 66.h5 Rb2 67.Bxd5 Rd2+ 68.Kxc4 Rxd5 69.h6 Rc5+ 70.Kb4 Rb5+ 71.Kc4 Rc5+
72.Kb4 Rb5+ 73.Kc4 Rc5+  1/2-1/2

[Event "Tres Peons op"]
[Site "ESP"]
[Date "1999.??.??"]
[Round "3"]
[White "Malsch, U."]
[Black "Carrey Abellan, Enric"]
[Result "0-1"]
[WhiteElo "1975"]
[BlackElo "2095"]

1.e4 c5 2.Nf3 e6 3.d4 cxd4 4.Nxd4 a6 5.Bd3 Qc7 6.O-O Nc6 7.Nb3 Nf6 8.c4 Nb4
9.Nc3 Nxd3 10.Qxd3 Ng4 11.Qg3 Qxg3 12.hxg3 Ne5 13.Nd2 Bc5 14.Rb1 d6 15.Na4 Ba7
16.b3 Bd7 17.Ba3 Bxa4 18.bxa4 b5 19.cxb5 axb5 20.Rxb5 Kd7 21.Rfb1 Rhb8 22.Kf1 Nd3
23.Rb7+ Rxb7 24.Rxb7+ Kc6 25.Rxf7 Bd4 26.Nb3 Bf6 27.f4 Rxa4 28.Ke2 Nxf4+
29.gxf4 Rxa3 30.Nc1 Rg3 31.Kf2 Rc3 32.Rf8 Rc2+ 33.Ke3 Kb7  0-1

[Event "Cataluna-chT"]
[Site "ESP"]
[Date "1999.??.??"]
[Round "8"]
[White "Duran Albareda, Xavier"]
[Black "Ibanez Terradellas, Eduardo"]
[Result "0-1"]
[WhiteElo "2290"]
[BlackElo "2365"]

1.e4 c5 2.Nf3 e6 3.d4 cxd4 4.Nxd4 a6 5.Bd3 Bc5 6.Nb3 Ba7 7.O-O Nc6 8.Kh1 d6
9.Bf4 e5 10.Bg3 Nf6 11.Nc3 Be6 12.Qe2 O-O 13.f4 Bg4 14.Qe1 Nh5 15.Bh4 f6
16.f5 Nf4 17.Bc4+ Kh8 18.Bf2 b5 19.Bd5 Nb4 20.Bxa7 Nfxd5 21.Nxd5 Nxd5 22.exd5 Rxa7
23.Qh4 Be2 24.Qf2 Bxf1 25.Qxa7 Bc4 26.Qxa6 Qa8 27.Qxd6 Bxd5 28.Rg1 Rd8 29.Qc5 Bxg2+  0-1

[Event "FIN-chT9899"]
[Site "FIN"]
[Date "1999.??.??"]
[Round "6"]
[White "Kokkila, Tero"]
[Black "Paavilainen, Jorma"]
[Result "1-0"]
[WhiteElo "2293"]
[BlackElo "2303"]

1.e4 c5 2.Nf3 e6 3.d4 cxd4 4.Nxd4 a6 5.Bd3 Nf6 6.O-O d6 7.Kh1 Qc7 8.f4 Nbd7
9.c4 Be7 10.Nc3 O-O 11.Qf3 Re8 12.Bd2 b6 13.Rae1 g6 14.Qg3 Bf8 15.f5 Bg7
16.fxe6 fxe6 17.Nf3 Rf8 18.Bc2 Ne5 19.Nxe5 dxe5 20.Be3 Bd7 21.Bg1 Nh5 22.Qe3 Rab8
23.Bb3 Bf6 24.c5 b5 25.Rc1 Be7 26.Rfd1 Nf4 27.c6 Bc8 28.Qg3 a5 29.a4 bxa4
30.Bxa4 Rxb2 31.Nb5 Qb8 32.Rb1 Rb4 33.Rxb4 Bxb4 34.Qb3 Ba6 35.c7 Qb7 36.Qc4 Rc8
37.Rd8+ Kg7 38.Rxc8 Qxc8 39.Qc6 Kf6 40.Na7 Qb7 41.c8=Q  1-0

[Event "FIN-chT9899"]
[Site "FIN"]
[Date "1999.??.??"]
[Round "7"]
[White "Pulkkinen, Kari"]
[Black "Karttunen, Mika"]
[Result "1-0"]
[WhiteElo "2325"]
[BlackElo "2293"]

1.e4 c5 2.Nf3 e6 3.d4 cxd4 4.Nxd4 a6 5.Bd3 Qc7 6.Qe2 d6 7.O-O Nf6 8.c4 Be7
9.b3 Nbd7 10.Bb2 Nc5 11.Bc2 e5 12.Nf5 Bxf5 13.exf5 O-O 14.Nc3 Rfe8 15.Rad1 Qc6
16.b4 Ncd7 17.Ba4 Qc7 18.Kh1 Bf8 19.Rc1 Rec8 20.Bb3 Nb6 21.f4 exf4 22.Ne4 Nxe4
23.Qxe4 a5 24.a3 axb4 25.axb4 Na4 26.Bd4 d5 27.Qxd5 Bxb4 28.c5 Nxc5 29.f6 Ra5
30.Qg5 Ne6 31.Rxc7 Rxc7 32.Qg4 h5 33.Qd1 Rd7 34.Bxe6 fxe6 35.Rxf4 Bc3 36.f7+ Kf8
37.Bc5+  1-0

[Event "FRA-ch U20"]
[Site "FRA"]
[Date "1999.??.??"]
[Round "?"]
[White "Grill, Marc"]
[Black "Mory, Eric"]
[Result "0-1"]
[WhiteElo "2144"]
[BlackElo "2056"]

1.e4 c5 2.Nf3 e6 3.d4 cxd4 4.Nxd4 a6 5.Bd3 Qb6 6.Nb3 Qc7 7.O-O Nf6 8.Be3 Be7
9.Nc3 d6 10.f4 Nc6 11.Qf3 O-O 12.Rad1 Rb8 13.a4 b6 14.g4 Bb7 15.g5 Nd7 16.Qh5 Nb4
17.Nd4 g6 18.Qh6 Rfe8 19.Rf3 Bf8 20.Qh4 Be7 21.f5 exf5 22.Nxf5 gxf5 23.Rh3 Nf8
24.exf5 Nxd3 25.Rxd3 Qd7 26.f6 Qf5 27.fxe7 Rxe7 28.Bxb6 Bc8 29.a5 Qg6 30.Nd5 Re5
31.Rhg3 Rxd5 32.Rxd5 Qxc2 33.Qd4 Bb7 34.Rxd6 Re8 35.Qd2 Qb1+ 36.Qd1 Re1+  0-1